Filmografia di Alberto Sordi - Statistics

Statistiche generali
  • Questo quiz è stato fatto 15 volte
  • Il punteggio medio è 5 su 12
Statistiche sulle risposte
con Immagini Risposta % Corretto
Il marchese del Grillo
93%
Un americano a Roma
87%
Il medico della mutua
60%
Il vedovo
53%
Un borghese piccolo piccolo
47%
Detenuto in attesa di giudizio
27%
Polvere di stelle
27%
Tutti a casa
27%
Il comune senso del pudore
13%
Io so che tu sai che io so
13%
Amore mio aiutami
7%
Il boom
0%
Nessun quiz corrispondente trovato
Distribuzione punteggi
Percentuale di utenti per punteggio
Percentile per numero di risposta
I tuoi punteggi nel tempo
Non hai fatto questo quiz